| 000 | 00469nam a2200181Ia 4500 | ||
|---|---|---|---|
| 008 | 170918s9999 xx 000 0 und d | ||
| 020 | _a9780545209090 | ||
| 050 | _bR517 2006 | ||
| 100 | _aRichards, Nancy W. | ||
| 245 | _aHow to tame a bully / | ||
| 245 | _cby Nancy Wilcox Richards ; illustrated by Drazen Kozjan. | ||
| 260 | _aNew York : | ||
| 260 | _bScholastic, | ||
| 260 | _c2006 | ||
| 300 | _a75 pages : | ||
| 300 | _billustrations : | ||
| 300 | _c19cm. | ||
| 999 |
_c344142 _d344142 |
||